000 00433nam a22001697a 4500
005 20180604114818.0
008 160521b xxu||||| |||| 00| 0 eng d
020 _a81-7700-039-X
041 _aeng
082 _b3724
_a519.5
100 _aM. Mahajan
_9938
245 _aStatistical Quality Control
260 _aNew Delhi
_bDhanpat Rai Publising Co. Pvt. Ltd.
300 _a496
650 _aDIPLOMA ENGINEERING
_9817
942 _cBK
999 _c1280
_d1280